| 000 | 01361nam a2200349Ia 4500 | ||
|---|---|---|---|
| 001 | ebr10021635 | ||
| 003 | CaPaEBR | ||
| 006 | m u | ||
| 007 | cr cn||||||||| | ||
| 008 | 000404s2001 mdua sb 001 0 eng d | ||
| 010 | _z 00008955 | ||
| 020 | _z0801876818 | ||
| 020 | _z0801864879 (alk. paper) | ||
| 040 |
_aCaPaEBR _cCaPaEBR |
||
| 035 | _a(OCoLC)51481153 | ||
| 050 | 1 | 4 |
_aZ1003 _b.R97 2001eb |
| 082 | 0 | 4 |
_a028/.9 _221 |
| 100 | 1 |
_aRyan, Marie-Laure, _d1946- |
|
| 245 | 1 | 0 |
_aNarrative as virtual reality _h[electronic resource] : _bimmersion and interactivity in literature and electronic media / _cMarie-Laure Ryan. |
| 260 |
_aBaltimore : _bJohns Hopkins University Press, _c2001. |
||
| 300 |
_axiii, 399 p. : _bill. |
||
| 490 | 1 | _aParallax | |
| 504 | _aIncludes bibliographical references (p. [375]-388 ) and index. | ||
| 533 |
_aElectronic reproduction. _bPalo Alto, Calif. : _cebrary, _d2013. _nAvailable via World Wide Web. _nAccess may be limited to ebrary affiliated libraries. |
||
| 650 | 0 | _aBooks and reading. | |
| 650 | 0 | _aInteractive multimedia. | |
| 650 | 0 | _aVirtual reality. | |
| 655 | 7 |
_aElectronic books. _2local |
|
| 710 | 2 | _aebrary, Inc. | |
| 830 | 0 | _aParallax (Baltimore, Md.) | |
| 856 | 4 | 0 |
_uhttp://site.ebrary.com/lib/rucke/Doc?id=10021635 _zAn electronic book accessible through the World Wide Web; click to view |
| 999 |
_c10328 _d10328 |
||